000 00698cam a2200241 4500
001 sa 68012074
003 DLC
005 20260227112606.0
008 691021s1965 ii 000 0 eng
010 _asa 68012074
025 _aPL480:I-E-9445
040 _aDLC
_cDLC
_dDLC
043 _aa-ii---
050 0 0 _aJQ620.M264
_bA54
082 0 0 _a354.54/792/006
110 1 _aMaharashtra (India).
_bAdministrative Reorganisation Committee.
245 1 0 _aInterim report on personnel administration.
260 _a[Bombay]
_c1965.
300 _aix, 57 p.
_c34 cm.
500 _aCover title.
650 0 _aCivil service
_zIndia
_zMaharashtra.
650 0 _aPersonnel management
_zIndia
_zMaharashtra.
999 _c84290
_d84290